EuroLeague Starting Lineups 2023 - Statistics

General Stats
  • This quiz has been taken 1,072 times
  • The average score is 29 of 90
Answer Stats
Hint Answer % Correct
G Mike James
82%
G Shane Larkin
77%
G Kevin Punter
72%
F Mathias Lessort
69%
C Edy Tavares
66%
F Nikola Mirotic
64%
C Moustapha Fall
62%
F John Brown
61%
G Lorenzo Brown
61%
G Maodo Lo
60%
C Zach LeDay
60%
F Sasha Vezenkov
59%
G Nemanja Nedovic
57%
G Dzanan Musa
56%
G Vasilije Micic
56%
G Kostas Sloukas
55%
G Dante Exum
53%
G Luca Vildoza
53%
C Jan Vesely
52%
F Nando De Colo
50%
F Will Clyburn
49%
F James Nunnally
48%
G Thomas Walkup
47%
G Milos Teodosic
46%
G Nico Laprovittola
44%
F Nigel Hayes
44%
C Georgis Papagiannis
43%
C Filip Petrusev
42%
C K. Hayes
42%
G Nick Calathes
42%
G Shane Wilbekin
42%
F G. Yabusele
41%
F Donta Hall
40%
F Nikola Kalinic
40%
G Devon Hall
39%
G Chris Jones
38%
F Gabriel Deck
37%
F Luka Mitrovic
37%
F Luke Sikma
36%
F Toko Shengelia
36%
G Tomas Satoransky
36%
G Keenan Evans
35%
C Josh Nebo
34%
F Ognjen Dobric
33%
G Dwayne Bacon
32%
F Nicolo Melli
31%
F Kostas Papanikolau
30%
G Alpha Diallo
29%
C Brandon Davies
29%
F Deron Williams
29%
C Tibor Pleiss
28%
G Thompson
28%
F Colson Jr.
27%
G N. William-Goss
26%
F Ulanovas
26%
F Vanja Marinkovic
25%
G Giedraitis
24%
F Jarrell Martin
23%
F Mauris Grigonis
23%
F Kyle Hines
21%
G Daniel Hackett
20%
G Billy Baron
19%
F Dyshawn Pierre
19%
G Jaleen Smith
19%
F Roland Smits
18%
C Boris Dubljevic
17%
C Maik Kotsar
16%
G Ognjen Jaramaz
15%
F Semi Ojeleye
15%
G Lekavicius
14%
F Louis Olinde
14%
G Nate Wolters
13%
C Jaiteh
12%
F Weiler-Babb
11%
F Amath M Baye
10%
F James Webb
9%
G Corey Walden
8%
C Motijeunas
7%
F Augustine Rubit
6%
C Ben Lammers
6%
F Josep Puerto
6%
F Daulton Hommes
5%
G Jalen Adams
5%
F Alex Tyus
4%
C Y.Fall
4%
G Jonah Mathews
3%
G J. Radebaugh
3%
C Paul Zipser
3%
C Tonye Yekiri
3%
G Retin Obasohan
2%
No matching quizzes found
Score Distribution
Percent of People with Each Score
Percentile by Number Answered
Your Score History
You have not taken this quiz